<?xml version="1.0" encoding="UTF-8"?>
<record
    xmlns:xsi="http://www.w3.org/2001/XMLSchema-instance"
    xsi:schemaLocation="http://www.loc.gov/MARC21/slim http://www.loc.gov/standards/marcxml/schema/MARC21slim.xsd"
    xmlns="http://www.loc.gov/MARC21/slim">

  <leader>02323nam a22002657i 4500</leader>
  <controlfield tag="003">OSt</controlfield>
  <controlfield tag="005">20251210155021.0</controlfield>
  <controlfield tag="008">251210e2023    ||||||||r|||| 001 0 eng d</controlfield>
  <datafield tag="020" ind1=" " ind2=" ">
    <subfield code="a"> 9789725409145</subfield>
  </datafield>
  <datafield tag="040" ind1=" " ind2=" ">
    <subfield code="b">spa</subfield>
    <subfield code="c">LADOV</subfield>
  </datafield>
  <datafield tag="041" ind1="0" ind2=" ">
    <subfield code="a">eng</subfield>
  </datafield>
  <datafield tag="082" ind1="0" ind2="4">
    <subfield code="a">707</subfield>
    <subfield code="b">ST823k</subfield>
  </datafield>
  <datafield tag="100" ind1="1" ind2=" ">
    <subfield code="a">Steinvorth, Sofia Ana Elise</subfield>
    <subfield code="e">autora</subfield>
  </datafield>
  <datafield tag="245" ind1="1" ind2="0">
    <subfield code="a">Knowledge production in visual arts organisations : </subfield>
    <subfield code="b">a case study on the triangle network / </subfield>
    <subfield code="c">Sofia Ana Elise Steinvorth.</subfield>
  </datafield>
  <datafield tag="250" ind1=" " ind2=" ">
    <subfield code="a">2nd edition</subfield>
  </datafield>
  <datafield tag="260" ind1=" " ind2=" ">
    <subfield code="a">Lisboa, Portugal : </subfield>
    <subfield code="b">UPC Press, </subfield>
    <subfield code="c">2023.</subfield>
  </datafield>
  <datafield tag="300" ind1=" " ind2=" ">
    <subfield code="a">192 p&#xE1;ginas ; </subfield>
    <subfield code="b">23 cm</subfield>
  </datafield>
  <datafield tag="490" ind1="0" ind2=" ">
    <subfield code="a">The Lisbon Consortium T(h)ESES</subfield>
  </datafield>
  <datafield tag="505" ind1="0" ind2=" ">
    <subfield code="a">Acknowledgements. -- Introduction. -- PART I Visual Arts Organisations Within the Contemporary Arts Landscape. -- CHAPTER 1 Knowledge Production from Curatorial Discourse to Institutional Aim. -- 1.1 Artistic Research. -- 1.2 The Role of the Curator. -- 1.3 New Institutionalism. -- CHAPTER 2 Visual Arts Organisations: Three Case Studies from the Triangle Network. -- 2.1 Triangle Network. -- 2.2 Network as Rhizome. -- 
2.3 Three Case Studies. -- Knowledge Production in Visual Arts Organisations. A Case Study on the Triangle Network. -- PART II The Three Vertices of Knowledge in Visual Arts Organisations: Mediation, Representation and Conviviality. -- CHAPTER 3 From Education to Mediation: Breaking Down Barriers. -- 3.1 Curating and Education. -- 3.2 Process- vs. Product-Orientation 3.3 Dialogue, Conversation and Mobility. -- 3.4 Mediation. -- 3.5 Architecture as a Mediating Tool. -- CHAPTER 4 Representation &#x2013; Curating &#x2018;Other&#x2019; Knowledge(s). -- 4.1 Making Heterogeneity a Point. -- 4.2 Representation and Identity Politics. -- 4.3 Context-Specific Knowledge Production Between Local and Global. -- CHAPTER 5 Conviviality &#x2013; What Being Together Means for Knowledge Production. -- 5.1 Shared Space | Shared Time &#x2013; The Importance of (the) Experience. -- 5.2 Coming Together at the Table: Food + Drinks = Knowledge? -- CONCLUSION Knowledge Production in VAOs &#x2013; How to Make it Happen? -- References. -- Annexes.</subfield>
  </datafield>
  <datafield tag="650" ind1="0" ind2="4">
    <subfield code="a">Curadur&#xED;a</subfield>
  </datafield>
  <datafield tag="650" ind1="0" ind2="4">
    <subfield code="a">Pr&#xE1;cticas curatoriales</subfield>
  </datafield>
  <datafield tag="650" ind1="0" ind2="4">
    <subfield code="a">Investigaci&#xF3;n curatorial</subfield>
  </datafield>
  <datafield tag="856" ind1=" " ind2=" ">
    <subfield code="u">https://ciencia.ucp.pt/ws/portalfiles/portal/88160473/88160437.pdf</subfield>
  </datafield>
  <datafield tag="942" ind1=" " ind2=" ">
    <subfield code="2">ddc</subfield>
    <subfield code="c">1</subfield>
    <subfield code="h">707</subfield>
    <subfield code="i">ST823k</subfield>
    <subfield code="n">0</subfield>
  </datafield>
  <datafield tag="999" ind1=" " ind2=" ">
    <subfield code="c">4594</subfield>
    <subfield code="d">4594</subfield>
  </datafield>
  <datafield tag="952" ind1=" " ind2=" ">
    <subfield code="0">0</subfield>
    <subfield code="1">0</subfield>
    <subfield code="2">ddc</subfield>
    <subfield code="4">0</subfield>
    <subfield code="7">0</subfield>
    <subfield code="8">Libros</subfield>
    <subfield code="a">LV</subfield>
    <subfield code="b">LV</subfield>
    <subfield code="d">2025-12-10</subfield>
    <subfield code="l">0</subfield>
    <subfield code="o">707 ST823k</subfield>
    <subfield code="p">005269</subfield>
    <subfield code="r">2025-12-10 00:00:00</subfield>
    <subfield code="w">2025-12-10</subfield>
    <subfield code="y">1</subfield>
  </datafield>
</record>
